01008nam0a22002171 4500001001500000005001700015035002600032100004100058101000800099102000700107105001800114200039300132210006400525215002600589700006300615702002400678801001800702801002200720801002700742852002100769v19\rc\203318220251118181537.5 a(NLR Aleph) 005111942 a20080925d1917 u y0rusy50 ca0 arus aRU aa z |||||1 aЗаписки по тактикеeКонспект для курсов воен. времени воен. уч-щeКонница, артиллерия и вспом. войска. (3 репетиция)fСост. гв. кап. Больман, командир 4 роты Казан. воен. уч-щаgПросм. инспектором классов полк. Вороновым aКазаньcтип. Л.В. Богомольногоd1917 a71 с.cчерт.d24 1aБольманbП.В.gПетр Викторович4220 1aВоронов4340 0aRUbNLRgpsbo 0aRUbRuMoRGB2psbo 1aRUbProSoft-M2rusmarc aNLRj37.76.8.208